Wszystkie piosenki - Yung Adisz - Statystyki

Ogólne statystyki
  • Ten quiz został rozwiązany 451 razy
  • Średni wynik to 14 z 30
Statystyki odpowiedzi
Hint Odpowiedź % Poprawnych
Amnezja OSZUKAJ PRZEZNACZENIE (feat. Gott)
73%
NIEWOLNIK ZŁA NIEWOLNIK ZŁA
72%
Amnezja ALKOHOLIK (feat. Aleshen)
69%
Amnezja KRESKI
62%
NOSEBLEED SOULJA EP NOWA KASA SMUTNY FLEX
58%
RICH CRACK BABY Dno
55%
Amnezja MANEKIN (feat. Buffel & GUCCI MNICH)
54%
NOSEBLEED SOULJA EP SAMOBÓJCZE MYŚLI
54%
NIEWOLNIK ZŁA BENZO BOMBA (KLONY II)
53%
NIEWOLNIK ZŁA OFF THE SHITS (feat. Gott & White Widow)
53%
Amnezja UWAŻAJ NA WIĘKSZYCH ZIOMÓW
53%
NOSEBLEED SOULJA EP PO DRUGIEJ STRONIE MIASTA
52%
NOSEBLEED SOULJA EP POPIJAM LEKI ŚWIĘTĄ WODĄ
52%
Amnezja WEŹ TABLETKĘ
51%
Amnezja KOCHAM CO SZKODZI MI
48%
Amnezja NIE WYBRAŁEM TEGO LOSU
47%
Amnezja OBSESJA
47%
Amnezja GŁÓWNY CEL TO PLIKI (feat. Ozzy Baby)
46%
NIEWOLNIK ZŁA PAPIER
46%
Amnezja PUŁAPKA (feat. Bary & Kosior)
46%
NIEWOLNIK ZŁA SPOTLIGHT (feat. Koneser)
43%
Komnata Tajemnic - EP Tak czy nie
41%
Amnezja SAM WYBIERASZ SWOJĄ ROLĘ
39%
NIEWOLNIK ZŁA NIE MÓW MI SUKO JAK ŻYĆ
38%
RICH CRACK BABY Booking
32%
Komnata Tajemnic - EP Scarface (Original)
30%
Komnata Tajemnic - EP Tak się zaczęło i tak się skończy
29%
RICH CRACK BABY Bilet w jedną stronę kupiłem w aptece (feat. Gott)
25%
Komnata Tajemnic - EP Dla siebie z kim chcę
24%
NIEWOLNIK ZŁA BIGGG LEMON (feat. Dinero Di & Kito)
19%
Nie znaleziono quizów pasujących do podanych kryteriów
Rozkład punktacji
Procent ludzi z każdym wynikiem
Percentyl według liczby udzielonych odpowiedzi
Twoja historia wyników
Nie rozwiązałeś tego quizu